20 plus grandes villes d'Allemagne - Statistiques

Statistiques générales
  • Ce quiz a été pris 260 fois
  • Le résultat moyen est 13 sur 20
Statistiques - réponses
Population Réponse % Correct
3,52 M Berlin
100%
1,45 M Munich
98%
1,79 M Hambourg
96%
733 K Francfort
92%
1,06 M Cologne
88%
612 K Düsseldorf
86%
624 K Stuttgart
84%
586 K Dortmund
82%
510 K Nuremberg
77%
560 K Leipzig
76%
557 K Brême
75%
544 K Dresde
69%
532 K Hanovre
66%
583 K Essen
61%
319 K Bonn
59%
491 K Duisbourg
31%
310 K Münster
29%
365 K Bochum
28%
333 K Bielefeld
25%
350 K Wuppertal
20%
Aucun quiz correspondant
Distribution des résultats
% des personnes avec chaque résultat
Percentile par nombre de réponses
Votre historique - résultats
Vous n’avez pas pris ce quiz